000
00263nam a22001097a 4500
008
180807b xxu||||| |||| 00| 0 eng d
082
_a
813.52
245
_a
Governmental and Nonprofit Annual Update
_c
AICPA
260
_c
2010
300
_a
2
_f
CD
942
_2
ddc
_c
MX
999
_c
46893
_d
46893